| 000 | 00334nam a2200121Ia 4500 | ||
|---|---|---|---|
| 008 | 231129s9999||||xx |||||||||||||| ||spa|| | ||
| 040 | _bspa | ||
| 082 | _aR 614.190202 G516m | ||
| 100 | _aGiraldo Giraldo Cesar Augusto | ||
| 245 | 0 | _aManual de medicina legal | |
| 264 | _aCorporacion de Investigaciones Biologicas | ||
| 942 |
_2ddc _cBKS |
||
| 999 |
_c20409 _d20409 |
||